Âm nhạc 4

Đã lưu trong:
Bibliografiske detaljer
Hovedforfatter: Hoàng, Long
Andre forfattere: Lê, Minh Châu
Format: Bog
Sprog:Undetermined
Udgivet: H. Giáo dục 2005
Fag:
Online adgang:http://lrc.tdmu.edu.vn/opac/search/detail.asp?aID=2&ID=4489
Tags: Tilføj Tag
Ingen Tags, Vær først til at tagge denne postø!
Thư viện lưu trữ: Trung tâm Học liệu Trường Đại học Thủ Dầu Một
LEADER 00605nam a2200205Ia 4500
001 TDMU_4489
008 210410s9999 xx 000 0 und d
082 |a 780.71 
090 |b H407 
100 |a Hoàng, Long 
245 0 |a Âm nhạc 4 
245 0 |c Hoàng Long 
260 |a H. 
260 |b Giáo dục 
260 |c 2005 
300 |a 56tr 
650 |a Âm nhạc  |x Giảng dạy và học tập; Sách lớp 4 
700 |a Lê, Minh Châu 
856 |u http://lrc.tdmu.edu.vn/opac/search/detail.asp?aID=2&ID=4489 
980 |a Trung tâm Học liệu Trường Đại học Thủ Dầu Một